| 000 | 01323nam a2200313 a 4500 | ||
|---|---|---|---|
| 001 | ebr10456231 | ||
| 003 | CaPaEBR | ||
| 006 | m u | ||
| 007 | cr cn||||||||| | ||
| 008 | 110408s2009 enka s 001 0 eng d | ||
| 020 | _z9781847197863 | ||
| 020 | _z9781847197870 (e-book) | ||
| 040 |
_aCaPaEBR _cCaPaEBR |
||
| 035 | _a(OCoLC)646166271 | ||
| 050 | 1 | 4 |
_aQA76.73.P224 _bD45 2009eb |
| 100 | 1 | _aDelisle, Marc. | |
| 245 | 1 | 0 |
_aMastering phpMyAdmin 3.1 for effective MySQL management _h[electronic resource] : _bincrease your MySQL productivity and control by discovering the real power of phpMyAdmin 3.1 / _cMarc Delisle. |
| 260 |
_aBirmingham, U.K. : _bPackt Pub., _c2009. |
||
| 300 |
_axiii, 326 p. : _bill. (some col.). |
||
| 490 | 1 | _aFrom technologies to solutions | |
| 500 | _aIncludes index. | ||
| 533 |
_aElectronic reproduction. _bPalo Alto, Calif. : _cebrary, _d2011. _nAvailable via World Wide Web. _nAccess may be limited to ebrary affiliated libraries. |
||
| 630 | 0 | 0 | _aMySQL (Electronic resource) |
| 650 | 0 | _aPHP (Computer program language) | |
| 655 | 7 |
_aElectronic books. _2local |
|
| 710 | 2 | _aebrary, Inc. | |
| 830 | 0 | _aFrom technologies to solutions. | |
| 856 | 4 | 0 |
_uhttp://site.ebrary.com/lib/rucke/Doc?id=10456231 _zAn electronic book accessible through the World Wide Web; click to view |
| 999 |
_c123246 _d123246 |
||